| 000 | 00738nam a2200217 a 4500 | ||
|---|---|---|---|
| 999 |
_c9075 _d9075 |
||
| 001 | 9073 | ||
| 003 | BD-JhCC | ||
| 005 | 20180524101816.0 | ||
| 008 | 180308s19761986bg |||| ||a| 000 0 ben d | ||
| 035 | _a(BD-JhCC)9073 | ||
| 040 |
_aBD-JhCC _dBD-JhCC |
||
| 041 | _aben | ||
| 082 |
_a539.7 _bGHO 1976 |
||
| 100 | _a ঘোষাল, সমরেন্দ্রনাথ | ||
| 245 |
_aপরমাণু ও কেন্দ্রক গঠন পরিচয় / _cসমরেন্দ্রনাথ ঘোষাল |
||
| 260 |
_aকলকাতা: _bপশ্চিমবঙ্গ রাজ্য পুস্তক পর্ষদ, _c1976. |
||
| 300 |
_a651 P. : _c22 cm. |
||
| 650 | _aNuclear | ||
| 942 |
_2ddc _cBK |
||